000 01410cam a2200157 4500500
005 20260412000645.0
041 _afre
042 _adc
100 1 0 _aEychart, Baptiste
_eauthor
245 0 0 _aJean-Numa DUCANGE, La Révolution française et l’histoire du monde. Deux siècles de débats historiques et politiques 1815-1991 , Paris, Armand Colin, 2014, 302 pages
260 _c2015.
500 _a98
520 _aWhy social philosophy? A debate A number of authors now invoke the opposition between political philosophy and social philosophy, whether to account for the specific nature of Marx’s relation to philosophy or to reactualize the project of a critical theory of society. What, the article asks, is the meaning of this distinction ? Can it fulfill the requisite conditions that will enable philosophers to address in a pertinent manner the social and political challenges of our time ? These are the questions addressed here by Catherine Colliot-Thélène, whose fear is that the distinction in question may lose sight of the crucial question of power, and by Franck Fischbach, who emphasizes the materialist orientation of an approach that seeks to address the political from the perspective of the social.
786 0 _nActuel Marx | 58 | 2 | 2015-09-09 | p. 190g-203g | 0994-4524
856 4 1 _uhttps://shs.cairn.info/revue-actuel-marx-2015-2-page-190g?lang=fr&redirect-ssocas=7080
999 _c2210746
_d2210746